000 01330aam a2200337 4500
001 19007
003 CO-MdFUSB
005 20180622170547.0
008 170403t1999 enk||||g |||| 00| 0 eng d
020 _a1-898723-86-9
040 _aCO-MdFUSB
_bspa
_cCO-MdFUSB
_dCO-MdFUSBC
_erda
041 _aeng
082 0 4 _a24
_2G 297
_bN827i
100 1 _aNorcliffe, David
_eautor
245 1 0 _aIslam
_b: Faith and practice
_c/ David Norcliffe
264 1 _aBrighton, England :
_bSussex Academic Press,
_c℗1999
264 4 _c©1999
300 _a254 páginas
_b:
_c;
336 _2rdacontent
_a1
_ba1
337 _2rdamedia
_a2
_b5
338 _2rdacarrier
_a2
_b5
490 4 _aThe Sussex Library of Religious Beliefs and Practices
501 _aIncluye indices (p. 248- 254)
504 _aBibliografía (p. 241- 247)
505 0 0 _a¿Qué es el islam? - Los orígenes del islam - El Corán y la sharia - La historia islámica - Primeras disputas teológicas - La cultura islámica - La naturaleza del ser humano en el pensamiento islámico - Los cinco pilares del islam - El ser humano en el contexto social - Economía islámica - Musulmanes en el mundo de hoy - Islam político - Islam en el siglo XXI
563 _aRústico
650 7 _9386
_aReligiones
653 _aIslam
942 _cBK
999 _c45387
_d45387